Sports Quiz

Random Sports or Hockey Quiz
Score 0/20 Timer 03:00
0 Plays Today
Year Player % Correct
2017Erik Karlsson
97.7%
2008Daniel Alfredsson
97.7%
2007Daniel Alfredsson
97.7%
2006Daniel Alfredsson
97.7%
2004Daniel Alfredsson
97.7%
2016Erik Karlsson
95.9%
2015Erik Karlsson
95.8%
2012Erik Karlsson
94.3%
2012Jason Spezza
89.4%
2007Dany Heatley
89.4%
Year Player % Correct
2006Dany Heatley
89.4%
2013Craig Anderson
84.9%
2001Alexei Yashin
79.4%
1999Alexei Yashin
79.4%
2004Marian Hossa
75.5%
2003Marian Hossa
75.5%
2004Zdeno Chara
62.5%
2001Patrick Lalime
54.7%
2015Andrew Hammond
41.4%
1999Ron Tugnutt
29.7%
Remove Ads.
Support Sporcle.
Get the best of Sporcle when you Go Orange. This ad-free experience offers more features, more stats, and more fun while also helping to support Sporcle. Thank you for becoming a member.

You're not logged in!

Compare scores with friends on all Sporcle quizzes.
OR
Log In

Show Comments

Extras

Top Quizzes Today


Score Distribution

Your Account Isn't Verified!

In order to create a playlist on Sporcle, you need to verify the email address you used during registration. Go to your Sporcle Settings to finish the process.

Report this User

Report this user for behavior that violates our Community Guidelines.

Details: